000 01001cam a22002175a 4500
001 L140871
008 071016s1920 xxk eng u
035 _a(Sirsi) u140871
041 0 _aeng
110 2 _aThurgood, Martin and Eve
_95396
245 0 0 _aParticulars of The Astor Estate Office, Victoria Embankment, W.C., to be sold with vacant possession
260 _aS.l.
_s.n.
_c1920
300 _a11 p.
_bill., plans
_c35 cm. +
_e1 v. (29 cm.) + 1 sheet (20 x 13 cm.)
340 _aPrinted
351 _cSingle item
500 _aItem is accompanied by a volume entitled 'Incorporated Accountants' Hall : its history and architecture' by J. K. Willis Alexander and a letter dated 27 October 1920 from Thurgood, Martin and Eve.
500 _aOn the title page, a newspaper clipping dated 15 September 1922 has been pasted which discusses the sale of the building.
651 4 _aLondon
690 _aPROPERTY-PROPERTY ACQUISITION AND DISPOSAL-ACQUISITION AND DISPOSAL AT AUCTION
942 _n0
999 _c116510
_d116510